極南之星 . 兄弟 . II
| 資料類型: | 圖書 | 書目號: | 51003 |
Leader xxxxxxxxxx 001 __ 102456/5/01 005 __ 20170410105851.910 010 0_ |a978-986-5660-74-1|b第2冊 : 平裝|d新臺幣230元 042 __ |anbim 100 __ |a20170410d2015 k y0chiy50 e 101 0_ |achi 102 __ |atw 105 __ |ay a 000ay 200 1_ |a極南之星|hII|i兄弟|f滅作 205 __ |a第1版 210 __ |a新北市|c普天出版|d2015[民104] 215 0_ |a276面|d21公分 225 12 |a捕夢網|v049 517 1_ |a兄弟|zchi 700 _0 |a滅|4作 681 __ |a857.7|b82 v.2 801 _0 |atw|bLibDipper|c20170410|gCCR |